000
00292nam a22001337a 4500
008
170313b xxu||||| |||| 00| 0 eng d
020
_a
013541526
041
_a
eng
080
_a
591
100
_a
7
101
_a
SHM
245
_a
VENOMOUS ANIMALS OF THE WORLD
_c
HAT,MAN.H
942
_2
udc
_c
BK
999
_c
7631
_d
7631